000 00566nam a2200217Ia 4500
003 LK-CoDNM
005 20240926144607.0
008 010623t1884 xxu||||| |||| 00| 1 Illegeable d
040 _aLK-CoDNM
_dLK-CoDNM
_eLK-CoDNM
041 _aIllegeable
080 _a24
_bF20
100 _aNisard,De.M.
245 _aCollection Auteurs Latins
260 _bLibrairie de Firmin -Didot
_aParis
_c1884
300 _b636p. ; 22 cm
650 _aCollection Auteurs Latins
650 _a24 F20
650 _aNisard,De.M.
650 _a1884
942 _cBK
999 _c82528
_d82528